000 00428cam a2200169ua 4500
001 1577
008 110712n ii |||gr||||Z||||||asm
040 _cMAIN
082 _a330.01
100 1 _aGoswami, Atul,
_eAuthor.
245 1 _aArthabigyanar Multattva
_cby Atul Goswami
260 _aDibrugarh:
_bStudents stores,989.
300 _a447p:
_bill;
_c23cm.
653 _aeconomics
653 _aarthanitir multattva
942 _cBK
999 _c1464
_d1464